abc the21st ペーパー通過者 - Statistics

General Stats
  • This quiz has been taken 42 times
  • The average score is 24 of 48
Answer Stats
順位 所属 学年 Answer % Correct
1 京都大 大4 長野春太
86%
36 東京都立大 大3 東問
86%
2 早稲田大 大3 高橋響
75%
3 京都大 大3 木村秀太
75%
8 大阪大 大2 今井吹樹
75%
4 東京大 大4 前田春貴
69%
34 東大寺学園高 高3 松崎颯樹
69%
21 京都大 大2 押切真大
67%
12 東京都立大 大4 倉門怜央
64%
14 早稲田大 大4 植木陽平
64%
33 開成高 高2 西頭陽生
64%
6 東京大 大3 上野李王
61%
32 中央大 大3 丸原駿
61%
30 日本大 大3 安達虎太郎
58%
39 熊本大 大4 江頭春樹
58%
5 北海道大 大3 山口侑大
56%
7 東京大 大2 榎本悠哉
56%
11 東京大 大3 渡邉慶伍
56%
17 東京大 大4 結城右京
56%
47 立命館大 大1 飯星洸一郎
56%
9 東京大 大4 藤田創世
53%
15 慶應義塾大 大3 堀籠怜哉
53%
13 名古屋大 大4 辻竜聖
50%
19 慶應義塾大 大1 鈴木嵩琉
50%
22 東北大 大2 沼岡歩未哉
50%
44 大阪大 大3 新垣与主呼
50%
10 慶應義塾大 大2 陳道宏
47%
25 一橋大 大2 清水康平
47%
35 千葉大 大4 吉野裕
47%
16 東京大 大4 太田原裕都
44%
20 京都大 大3 松林陸
42%
40 京都大 大2 藤田昂希
42%
45 京都大 大2 齋藤優慈
42%
23 東京大 大4 福本笙一郎
39%
24 京都大 大3 土山暉人
39%
29 岡山大 大4 蒲生和弥
39%
31 立命館大 大3 仲田伊織
39%
48 早稲田大 大3 藤本怜王
39%
42 大阪大 大4 石原裕貴
36%
28 一橋大 大4 松浦瑞樹
33%
41 東北大 大4 福井優汰
33%
18 横浜国立大 大4 須田匠
31%
46 岡山大 大4 清中洸介
31%
27 東京大 大4 宮崎裕太
28%
38 東京大 大4 植田遥大
28%
43 東京大 大4 山崎貴矢
25%
26 千葉大 大4 石黒開
19%
37 早稲田大 大4 後地博天
19%
No matching quizzes found
Score Distribution
Percent of People with Each Score
Percentile by Number Answered
Your Score History
You have not taken this quiz